<?xml version="1.0" encoding="UTF-8"?><?xml-stylesheet type="text/xsl" href="static/style.xsl"?><OAI-PMH xmlns="http://www.openarchives.org/OAI/2.0/" xmlns:xsi="http://www.w3.org/2001/XMLSchema-instance" xsi:schemaLocation="http://www.openarchives.org/OAI/2.0/ http://www.openarchives.org/OAI/2.0/OAI-PMH.xsd"><responseDate>2026-04-27T12:32:58Z</responseDate><request verb="GetRecord" identifier="oai:uvadoc.uva.es:10324/4785" metadataPrefix="marc">https://uvadoc.uva.es/oai/request</request><GetRecord><record><header><identifier>oai:uvadoc.uva.es:10324/4785</identifier><datestamp>2021-06-29T09:48:29Z</datestamp><setSpec>com_10324_38</setSpec><setSpec>col_10324_852</setSpec></header><metadata><record xmlns="http://www.loc.gov/MARC21/slim" xmlns:doc="http://www.lyncode.com/xoai" xmlns:xsi="http://www.w3.org/2001/XMLSchema-instance" xmlns:dcterms="http://purl.org/dc/terms/" xsi:schemaLocation="http://www.loc.gov/MARC21/slim http://www.loc.gov/standards/marcxml/schema/MARC21slim.xsd">
<leader>00925njm 22002777a 4500</leader>
<datafield tag="042" ind1=" " ind2=" ">
<subfield code="a">dc</subfield>
</datafield>
<datafield tag="720" ind1=" " ind2=" ">
<subfield code="a">Rivero Casado, Iraide</subfield>
<subfield code="e">author</subfield>
</datafield>
<datafield tag="260" ind1=" " ind2=" ">
<subfield code="c">2013</subfield>
</datafield>
<datafield tag="520" ind1=" " ind2=" ">
<subfield code="a">Este trabajo,  resume como llegaron los habitantes del Sáhara a los campamentos de refugiados, situados en la región de Argelia. Después de haber sido una colonia Española, y pasar por un conflicto intenso contra Marruecos y Mauritania. Como una población entera debe  crear un sistema organizativo nuevo y desde cero, y aquí debemos incluir a la educación de los saharauis, la que tratare más detenidamente, ya que la población saharaui ha aprovechado sus años de exilio en el desierto para alfabetizar a sus habitantes. Con distinta ayuda surgen  programas complementarios a la educación como el programa “vacaciones en paz”, uno de los más importantes y que se hace eco en España. La República Árabe Saharaui Democrática (RASD) ha sido la encargada de gobernar en los campamentos de refugiados, creando una cúpula política que vela por la seguridad y necesidades de los saharauis. Aunque el problema real es la extrema pobreza, la escasez de recursos y la necesidad de la colaboración mundial para poder subsistir. No podemos olvidar que los saharauis no están en su país y siguen a la espera de un referéndum propuesto en los años 70 por la ONU para volver a su tierra</subfield>
</datafield>
<datafield tag="024" ind2=" " ind1="8">
<subfield code="a">http://uvadoc.uva.es/handle/10324/4785</subfield>
</datafield>
<datafield ind1=" " ind2=" " tag="653">
<subfield code="a">Refugiados - Sáhara occidental</subfield>
</datafield>
<datafield ind1=" " ind2=" " tag="653">
<subfield code="a">Educación - Sáhara occidental</subfield>
</datafield>
<datafield tag="245" ind1="0" ind2="0">
<subfield code="a">Vida y educación en los campamentos de refugiados saharaui</subfield>
</datafield>
</record></metadata></record></GetRecord></OAI-PMH>